Identifikácia a hodnotenie opatrení pre riešenie krízy podniku dizertačná práca

Guardado en:
Detalles Bibliográficos
Autor principal: Braunová, Mária
Autor Corporativo: Fakulta podnikového manažmentu EU. Katedra podnikovohospodárska
Otros Autores: Majdúchová, Helena, 1963-
Formato: Libro
Lenguaje:eslovaco
Publicado: Bratislava 2016
Materias:
Etiquetas: Agregar Etiqueta
Sin Etiquetas, Sea el primero en etiquetar este registro!

MARC

LEADER 00000nbm a2200000 4500
001 0222125
005 20240502073636.2
041 0 |a slo 
044 |a SK 
245 1 0 |a Identifikácia a hodnotenie opatrení pre riešenie krízy podniku  |b dizertačná práca  |c Mária Braunová ; školiteľ: Helena Majdúchová 
264 1 |a Bratislava  |c 2016 
300 |a 188 s. 
610 2 0 |a kríza podniku 
610 2 0 |a bonita 
610 2 0 |a transformácia podniku 
610 2 0 |a reštrukturalizácia 
100 1 |a Braunová, Mária 
700 1 |a Majdúchová, Helena, 1963- 
710 2 |a Fakulta podnikového manažmentu EU. Katedra podnikovohospodárska